| 000 | 00578cam a2200205ua 4500 | ||
|---|---|---|---|
| 001 | 461 | ||
| 008 | 110406n ii |||gr||||Z||||||eng | ||
| 020 | _a978-81-272-5467-4 | ||
| 040 | _cMAIN | ||
| 082 | _a004 | ||
| 245 |
_aInformation technology and its implications in business. _cBy Gurvinder Singh. |
||
| 250 | _a1st. | ||
| 260 |
_aNew Delhi.: _bKalyani publishers., _c2009. |
||
| 300 |
_a169, 141, 30, 11,14, 7 p.: _c25 cm. |
||
| 653 | _aComputer science. | ||
| 653 | _aInformation technology. | ||
| 700 | 1 | _aSingh, Gurvinder., | |
| 700 | 1 | _aSingh, Rachhpal., | |
| 942 | _cBK | ||
| 999 |
_c404 _d404 |
||